De compras en el renacimiento: culturas del consumo en Italia 1400-1600

Αποθηκεύτηκε σε:
Λεπτομέρειες βιβλιογραφικής εγγραφής
Κύριος συγγραφέας: Welch, Evelyn (Συγγραφέας)
Μορφή: Βιβλίο
Γλώσσα:Ισπανικά
Έκδοση: Valencia Universitat de València 2009
Θέματα:
Ετικέτες: Προσθήκη ετικέτας
Δεν υπάρχουν, Καταχωρήστε ετικέτα πρώτοι!

MARC

LEADER 00000nam a2200000 a 4500
001 UCG3890
003 CL-VaPUC
008 100923e20090000SP |||||||||||||||||spa|d
020 |a 9788437075365 
082 0 4 |a 909.4  |b WEL  |2 21 
100 0 |a Welch, Evelyn  |e author  |9 553205 
245 1 0 |a De compras en el renacimiento: culturas del consumo en Italia 1400-1600 
300 |a 403 p 
942 |c BK 
945 |d 20100923 00:00:00  |a mfarfan 
260 |a Valencia  |b Universitat de València  |c 2009 
650 0 |a Renacimiento  |9 255107 
650 7 |a HISTORIA SIGLO 15  |2 CL-VaPUC  |9 267879 
650 7 |a CONSUMISMO  |2 CL-VaPUC  |9 553206 
650 0 |a Historia universal  |9 266877 
583 |a last modification  |c 20160817 03:48:34  |k Rodrigo Vera 
999 |c 342844  |d 342842 
952 |0 0  |1 0  |4 0  |6 909_400000000000000_WEL_2009  |7 0  |8 A  |9 439444  |a BIBHIS  |b BIBHIS  |d 2019-11-22  |i 4721500  |o 909.4 WEL 2009  |p 4721500  |r 2025-01-20  |w 2019-11-22  |y BK  |k HIS